Central Library OPAC University of Rajshahi

Judge Medina speaks : (Record no. 4393)

MARC details
000 -LEADER
fixed length control field 02152cam a2200277Ia 4500
001 - CONTROL NUMBER
control field 4393
003 - CONTROL NUMBER IDENTIFIER
rucl marc code BD-RjUL
005 - DATE AND TIME OF LATEST TRANSACTION
control field 20211208233902.0
008 - FIXED-LENGTH DATA ELEMENTS--GENERAL INFORMATION
fixed length control field 131222s1954 nyu b 000 0 eng d
035 ## - SYSTEM CONTROL NUMBER
System control number (BD-RjUL)4428
040 ## - CATALOGING SOURCE
Original cataloging agency JDS
Transcribing agency JDS
Modifying agency OCL
-- OCLCG
-- OCLCA
-- OHO
-- LOL
-- BD-RjUL
Language of cataloging eng
041 ## - LANGUAGE CODE
Language code of text/sound track or separate title eng
082 04 - DEWEY DECIMAL CLASSIFICATION NUMBER
Edition number 16
Classification number 347.9
Author mark and year MEJ 1954
090 ## - LOCALLY ASSIGNED LC-TYPE CALL NUMBER (OCLC); LOCAL CALL NUMBER (OCLC)
Classification number (OCLC) (R) ; Classification number, CALL (RLIN) (NR) KF325.149
Local cutter number (OCLC) ; Book number/undivided call number, CALL (RLIN) .M42 1954
100 1# - MAIN ENTRY--PERSONAL NAME
Personal name Medina, Harold R.
Fuller form of name (Harold Raymond),
Dates associated with a name 1888-1990.
9 (RLIN) 13881
245 10 - TITLE STATEMENT
Title Judge Medina speaks :
Remainder of title a group of addresses /
Statement of responsibility, etc. Harrold R. Medina.
260 ## - PUBLICATION, DISTRIBUTION, ETC. (IMPRINT)
Place of publication, distribution, etc. Albany :
Name of publisher, distributor, etc. M. Bender,
Date of publication, distribution, etc. 1954.
300 ## - PHYSICAL DESCRIPTION
Pagination 319 p. ;
Size 23 cm.
505 00 - FORMATTED CONTENTS NOTE
Title The judge and the judicial administration:
-- Judges as leaders in improving the administration of justice --
-- The work of the administrative office of the United States courts --
-- The selection of judges in New York --
-- Memorial to the late Honorable John Bright --
-- The judge and the lawyer:
-- Courage and independence at the bar --
-- Before ascending the bench -and after --
-- The education of a judge --
-- Equal justice for all --
-- The judge and his job:
-- Some reflections on the judicial function: a personal viewpoint --
-- A new judge tries his first patent case --
-- Public relations of the bench and the bar --
-- Oliver Wendell Holmes, patriot --
-- The judge and education:
-- Why study Latin --
-- The pursuit of happiness --
-- Judicial administration and the law schools --
-- The humanities and individual integrity --
-- Character building -the job of a lifetime --
-- The Princeton class -a study in democracy --
-- Our capacity for growth --
-- The judge and democracy:
-- One hundred percent justice --
-- To the motion picture industry --
-- On unveiling War Memorial at Quogue --
-- Justice -a community job --
-- The judge and his God:
-- The judge and his God -we are not the masters --
-- The spiritual quality of justice --
-- Fragments --
-- Letters to the judge (editor's note).
650 #0 - SUBJECT ADDED ENTRY--TOPICAL TERM
Topical term or geographic name as entry element Judges
Geographic subdivision United States.
9 (RLIN) 13882
Topical term or geographic name as entry element Justice, Administration of
Geographic subdivision United States.
9 (RLIN) 13883
700 1# - ADDED ENTRY--PERSONAL NAME
Personal name edited by Maxine Boord Virtue.
830 #0 - SERIES ADDED ENTRY--UNIFORM TITLE
Volume number/sequential designation 212/112.
830 #0 - SERIES ADDED ENTRY--UNIFORM TITLE
Uniform title Law books recommended for libraries.
942 ## - ADDED ENTRY ELEMENTS (KOHA)
Source of classification or shelving scheme Dewey Decimal Classification
Koha item type Books
Holdings
Lost status Source of classification or shelving scheme Damaged status Not for loan Collection code Permanent Location Current Location Shelving location Date acquired Source of acquisition Total Checkouts Full call number Date last seen Copy number Koha item type
  Dewey Decimal Classification   Not For Loan Non-fiction Central Library, University of Rajshahi Central Library, University of Rajshahi Reading Room 18/02/1958 U.I.S. Dacca   347.9 MEJ 1954 22/12/2013 C-1 Books